[Event "VIE-ch U07 Girls"]
[Site "Ho Chi Minh City"]
[Date "2014.07.17"]
[Round "8"]
[White "Dinh, Nguyen Hien Anh"]
[Black "Pham, Nguyen Hoa"]
[Result "0-1"]
[WhiteElo "1442"]
[BlackElo "1433"]
[PlyCount "74"]
[EventDate "2014.07.13"]
[EventType "swiss"]
[EventRounds "9"]
[EventCountry "VIE"]
[SourceTitle "EXT 2016"]
[Source "ChessBase"]
[SourceDate "2015.10.08"]
[SourceVersion "1"]
[SourceVersionDate "2015.10.08"]
[SourceQuality "1"]

1. e4 e5 2. Nf3 Nc6 3. Nc3 Nf6 4. Bb5 a6 5. Bxc6 dxc6 6. Nxe5 Bd6 7. Nf3 Bg4 8. 0-0 Qe7 9. d3 h6 10. h3 Bd7 11. d4 Bb4 12. Re1 Bxc3 13. bxc3 0-0 14. d5 cxd5 15. exd5 Qd6 16. c4 Qc5 17. Qd4 Qxd4 18. Nxd4 Rfe8 19. Rxe8+ Rxe8 20. Bf4 c6 21. dxc6 bxc6 22. Rb1 c5 23. Nf3 Re4 24. Be5 Rxc4 25. c3 Ne4 26. Rb7 Be6 27. Ra7 Ra4 28. Bf4 Rxa2 29. Kh2 Rxf2 30. Ra8+ Kh7 31. Rxa6 Nxc3 32. Nh4 g5 33. Bg3 Rd2 34. Nf3 Rd5 35. Ne5 Ne4 36. Ra1 Nxg3 37. Kxg3 Rxe5 0-1